Sports Quiz

Random Sports or Soccer Quiz

AC Milan Captains from 1900 to 2014 Quiz Stats

Quiz not verified by Sporcle

Challenge
Share
Tweet
Embed
Score 0/43 Timer 12:00
1 Play Today
Nat Player % Correct
ITA-DFCesare Maldini
99.4%
ITA-DFPaolo Maldini
99.4%
ITA-DFFranco Baresi
88.9%
ITA-MFMassimo Ambrosini
77.8%
ITA-MFRiccardo Montolivo
72.5%
ITA-MFGianni Rivera
57.3%
ITA-MFGianni Rivera
57.3%
SWE-STGunnar Nordahl
43.9%
SWE-MFNils Liedholm
40.4%
ITA-STGiuseppe Meazza
34.5%
ITA-DFFulvio Collovati
20.5%
ENG-DFHerbert Kilpin
19.3%
ITA-DFAldo Maldera
10.5%
ITA-MFRomeo Benetti
9.9%
ENG-STDavid Allison
7.6%
ITA-MFGiuseppe Antonini
5.8%
ITA-MFGiuseppe Antonini
5.8%
ITA-MFAlberto Bigon
5.8%
BEL-STLouis Van Hege
5.3%
ITA-MFOmero Tognon
5.3%
BEL-MFMax Tobias
4.7%
ITA-STBruno Arcari
4.7%
Nat Player % Correct
ITA-MFCarlo Annovazzi
4.7%
ITA-DFMarco Sala
4.1%
ITA-STAldo Cevenini
4.1%
ITA-MFAlessandro Scarioni
4.1%
ITA-MFPietro Bronzini
4.1%
ITA-DFLuigi Perversi
4.1%
ITA-DFAndrea Bonomi
4.1%
ITA-DFFrancesco Zagatti
4.1%
ITA-GKGerolamo Radice
3.5%
ITA-DFGuido Moda
3.5%
ITA-MFGiuseppe Rizzi
3.5%
ITA-MFCesare Lovati
3.5%
ITA-DFFrancesco Soldera
3.5%
ITA-DFGianangelo Barzan
3.5%
ITA-MFAbdon Sgarbi
3.5%
ITA-DFAlessandro Schienoni
3.5%
ITA-STMario Magnozzi
3.5%
ITA-DFCarlo Rigotti
3.5%
ITA-DFGiuseppe Bonizzoni
3.5%
ITA-DFGiuseppe Bonizzoni
3.5%
ITA-MFPaolo Todeschini
3.5%

You're not logged in!

Compare scores with friends on all Sporcle quizzes.
Sign Up with Email
OR
Log In

You Might Also Like...

Show Comments

Extras

Top Quizzes Today


Score Distribution

Your Account Isn't Verified!

In order to create a playlist on Sporcle, you need to verify the email address you used during registration. Go to your Sporcle Settings to finish the process.